000 00348nam a2200133Ia 4500
008 191201s1989 xx 000 0 und d
100 _aPRAKASH,Satya
245 0 _aElectromagnetic Theory and Electrodynamics
250 _a4th
260 _aN. Delhi
_bKedar Nath Ram Nath and Co. Meerut
_c1989
300 _a574
650 _aApplied
942 _2ddc
_cBK
999 _c644
_d644